Sporty podle obrázku #1 - Statistics

General Stats
  • This quiz has been taken 412 times
  • The average score is 12 of 16
Answer Stats
Picture Answer % Correct
Golf
100%
Florbal
81%
Fotbal
81%
Basketbal
79%
Vybíjená
79%
Americký fotbal
78%
Ragby
78%
Volejbal
78%
Badminton
77%
Stolní tenis
76%
Baseball
73%
Vodní pólo
72%
Lakros
66%
Futsal
61%
Kriket
55%
Hokejbal
44%
No matching quizzes found
Score Distribution
Percent of People with Each Score
Percentile by Number Answered
Your Score History
You have not taken this quiz